[Event "Winnipeg Manitoba op"]
[Site "Winnipeg"]
[Date "1991.05.20"]
[Round "6"]
[White "Kalajdzievski, Sasho"]
[Black "Rasmussen, Barry"]
[Result "1-0"]
[WhiteElo "2367"]
[BlackElo "2139"]
[PlyCount "78"]
[EventDate "1991.05.18"]
[EventType "swiss"]
[EventRounds "6"]
[EventCountry "CAN"]
[SourceTitle "EXT 2022"]
[Source "ChessBase"]
[SourceDate "2021.10.06"]
[SourceVersion "1"]
[SourceVersionDate "2021.10.06"]
[SourceQuality "1"]

1. e4 e5 2. Nf3 Nc6 3. Bc4 Nf6 4. Ng5 d5 5. exd5 Na5 6. Bb5+ c6 7. dxc6 bxc6 8. Qf3 Qc7 9. Bd3 Bd6 10. Ne4 Nxe4 11. Qxe4 Be6 12. Nc3 f5 13. Qh4 0-0 14. Be2 Rad8 15. d3 Be7 16. Qg3 f4 17. Qf3 c5 18. Ne4 Kh8 19. b3 Nc6 20. c3 a5 21. 0-0 g5 22. Qh5 Bf7 23. Qh3 Rg8 24. Rd1 a4 25. bxa4 Qa5 26. Ba3 Rg6 27. Bg4 Kg7 28. Qf3 Bd5 29. Qe2 Bxe4 30. dxe4 Qxc3 31. Bb2 Qa5 32. Qb5 Qc7 33. Rxd8 Nxd8 34. Rd1 Bd6 35. Bd7 Kf8 36. a5 Be7 37. Rd5 Nb7 38. a6 Rb6 39. a7 Qd8 1-0

[Event "Winnipeg Manitoba op"]
[Site "Winnipeg"]
[Date "1991.05.19"]
[Round "4"]
[White "Kalajdzievski, Sasho"]
[Black "Perron, Sean"]
[Result "1-0"]
[WhiteElo "2367"]
[BlackElo "1964"]
[PlyCount "107"]
[EventDate "1991.05.18"]
[EventType "swiss"]
[EventRounds "6"]
[EventCountry "CAN"]
[SourceTitle "EXT 2022"]
[Source "ChessBase"]
[SourceDate "2021.10.06"]
[SourceVersion "1"]
[SourceVersionDate "2021.10.06"]
[SourceQuality "1"]

1. e4 e6 2. d4 d5 3. Nd2 Nf6 4. e5 Nfd7 5. c3 c5 6. Bd3 Nc6 7. Ne2 cxd4 8. cxd4 f6 9. f4 fxe5 10. fxe5 Nxd4 11. Nxd4 Qh4+ 12. g3 Qxd4 13. Nf3 Bb4+ 14. Kf1 Qb6 15. Kg2 0-0 16. Rf1 Rxf3 17. Qxf3 Nxe5 18. Bxh7+ Kxh7 19. Qh5+ Kg8 20. Qxe5 Bd7 21. Be3 Bd6 22. Qc3 Qd8 23. Rac1 Bc6 24. Kg1 e5 25. Bc5 Bc7 26. Rf5 d4 27. Qb3+ Qd5 28. Qxd5+ Bxd5 29. Bxd4 Be6 30. Rf2 Ba5 31. Be3 a6 32. a3 Bb3 33. Rc5 Bd8 34. Rc3 Bd5 35. g4 Bc6 36. g5 g6 37. Rd3 Bc7 38. Rf6 Be8 39. Bc5 Kg7 40. Bf8+ Kg8 41. Bh6 Bd8 42. Rf8+ Kh7 43. Rd6 Be7 44. Rd7 Bxd7 45. Rxa8 e4 46. h4 Bc5+ 47. Kf1 Bb5+ 48. Ke1 e3 49. Bf8 Bd4 50. Be7 Kg7 51. Bf6+ Bxf6 52. gxf6+ Kxf6 53. Rb8 Bc6 54. Ke2 1-0

[Event "Winnipeg Manitoba op"]
[Site "Winnipeg"]
[Date "1991.05.19"]
[Round "3"]
[White "Kaptsan, Aron"]
[Black "Kalajdzievski, Sasho"]
[Result "1/2-1/2"]
[WhiteElo "2294"]
[BlackElo "2367"]
[PlyCount "149"]
[EventDate "1991.05.18"]
[EventType "swiss"]
[EventRounds "6"]
[EventCountry "CAN"]
[SourceTitle "EXT 2022"]
[Source "ChessBase"]
[SourceDate "2021.10.06"]
[SourceVersion "1"]
[SourceVersionDate "2021.10.06"]
[SourceQuality "1"]

1. e4 c5 2. Nf3 d6 3. d4 cxd4 4. Nxd4 Nf6 5. f3 g6 6. c4 Bg7 7. Be3 0-0 8. Nc3 Nc6 9. Qd2 Nxd4 10. Bxd4 Be6 11. Be2 Qa5 12. Rc1 Rfc8 13. b3 Qb4 14. Rc2 a6 15. Nd5 Nxd5 16. Bxg7 Qxd2+ 17. Rxd2 Kxg7 18. exd5 Bf5 19. Kf2 Rab8 20. Rc1 b5 21. Ke3 b4 22. Bd3 Bd7 23. c5 Rxc5 24. Rxc5 dxc5 25. Rc2 Rc8 26. Bxa6 Rc7 27. Bc4 Kf6 28. f4 Ra7 29. Rd2 g5 30. fxg5+ Kxg5 31. Rf2 f6 32. Bd3 h5 33. Rc2 Ra5 34. Rf2 Bg4 35. Rc2 h4 36. Be2 Bd7 37. Bd3 Bc8 38. Rf2 Bg4 39. Rc2 e5 40. dxe6 Bxe6 41. Rf2 Bg4 42. Rc2 Bc8 43. Rf2 Ra7 44. Rc2 Re7+ 45. Kf2 Re5 46. Bc4 Re4 47. Bd5 Re5 48. Bc4 Bg4 49. Rd2 Bf5 50. Rd8 Bb1 51. Rg8+ Kf5 52. Rh8 Kg5 53. Rg8+ Kf5 54. Ra8 Ke4 55. a3 bxa3 56. Rxa3 Kd4 57. Ra6 Rf5+ 58. Ke2 Be4 59. Rd6+ Kc3 60. Bd3 Re5 61. Bxe4 Rxe4+ 62. Kf3 Rd4 63. Rxf6 Kxb3 64. g4 hxg3 65. hxg3 c4 66. Rb6+ Kc2 67. Ke3 Rd3+ 68. Kf4 c3 69. Rc6 Rd4+ 70. Kf5 Kd3 71. Rxc3+ Kxc3 72. g4 Rd5+ 73. Kf6 Kd4 74. g5 Rd6+ 75. Kf5 1/2-1/2

[Event "Winnipeg Manitoba op"]
[Site "Winnipeg"]
[Date "1991.05.18"]
[Round "1"]
[White "Kalajdzievski, Sasho"]
[Black "Siegers, John"]
[Result "1-0"]
[WhiteElo "2367"]
[BlackElo "1587"]
[PlyCount "50"]
[EventDate "1991.05.18"]
[EventType "swiss"]
[EventRounds "6"]
[EventCountry "CAN"]
[SourceTitle "EXT 2022"]
[Source "ChessBase"]
[SourceDate "2021.10.06"]
[SourceVersion "1"]
[SourceVersionDate "2021.10.06"]
[SourceQuality "1"]

1. e4 c5 2. Nf3 e6 3. d4 Nc6 4. d5 exd5 5. exd5 Na5 6. d6 Qf6 7. Qe2+ Qe6 8. Bf4 b6 9. Nc3 Bb7 10. Nb5 Qxe2+ 11. Bxe2 Kd8 12. Ne5 Bc6 13. Bf3 Bxf3 14. gxf3 Nh6 15. Bxh6 gxh6 16. Nxf7+ Ke8 17. Nxh8 Kd8 18. Rg1 Kc8 19. 0-0-0 Kb7 20. Nf7 Kc6 21. Nc7 Rb8 22. Ne5+ Kb7 23. Nxd7 Rd8 24. Nxf8 Rxf8 25. Rg7 Kb8 1-0